00250nam a2200097Ia 4500008004000000082001300040100001800053245003400071260003900105300000800144210210b1963 xxu||||| |||| 00| 0 eng d a306 GHUA aGHURYE (G S). aAnthropo-sociological papers. aBombay.bPopular Prakashan.,c1963 a381